000 01239nam a2200277Ia 4500
003 OSt
005 20221005105327.0
006 a|||||r|||| 00| 0
007 ta
008 221004b |||||||| |||| 00| 0 hin d
020 _a8186684352 (hbk)
_c295
024 _a26337
037 _b21, 17/03/2016, P. K. Books
_cTextual
040 _aCRL
_cCRL
_bhin
041 _2hin
_ahin
082 _aV2.N1, 152N9
100 _aत्रिपाठी, अमलेश
245 0 _aभारतीय राजनीति में गरमपंथ की चुनौति
_b 1890 से 1910 के बीच का भारत
246 _aBhāratīya rājanīti mean garamapantha kī chunauti: 1890 se 1910 ke bīch kā bhārata
260 _aनई दिल्ली
_bग्रंथ शिल्पी भारत
_c1999
300 _a243पृ0
_ccm.
650 _aविश्व-इतिहास
700 _a नवलकिशोर प्रसाद सिंह, अनु.
_9623889
942 _hV2.N1, 152N9
_cTEXL
_2cc
999 _c1015480
_d1015480